Výkaz o finančnej situácii podľa IFRS pre malé a stredné podniky 8/10 členenie vlastného imania a rezerv
Štandard definujúci podmienky pre dodatočné členenie vlastného imania vo výkaze o finančnej situácii alebo v poznámkach.
Gespeichert in:
| 1. Verfasser: | |
|---|---|
| Format: | Buchkapitel |
| Sprache: | Slowakisch |
| Schlagworte: | |
| Tags: |
Keine Tags, Fügen Sie das erste Tag hinzu!
|
MARC
| LEADER | 00000nla a2200000 4500 | ||
|---|---|---|---|
| 001 | 0162254 | ||
| 005 | 20240502072818.1 | ||
| 041 | 0 | |a slo | |
| 044 | |a SK | ||
| 245 | 1 | 0 | |a Výkaz o finančnej situácii podľa IFRS pre malé a stredné podniky 8/10 |b členenie vlastného imania a rezerv |c Michal Ješš |
| 520 | |a Štandard definujúci podmienky pre dodatočné členenie vlastného imania vo výkaze o finančnej situácii alebo v poznámkach. | ||
| 610 | 2 | 0 | |a situácia finančná podniku |
| 610 | 2 | 0 | |a imanie vlastné |
| 610 | 2 | 0 | |a rezervy |
| 610 | 2 | 0 | |a IFRS |
| 610 | 2 | 0 | |a podnik malý |
| 610 | 2 | 0 | |a podnik stredný |
| 610 | 2 | 0 | |a výkazníctvo finančné |
| 610 | 2 | 0 | |a výkazníctvo účtovné |
| 100 | 1 | |a Ješš, Michal, 1986- | |